Ireland Six Nations Squad 2023 - Statistics

General Stats
  • This quiz has been taken 13 times
  • The average score is 25 of 38
Answer Stats
Hint Answer % Correct
Centre - Connacht Bundee Aki
100%
Winger/ Full-Back - Leinster James Lowe
100%
Back Row - Leinster Josh Van Der Flier
100%
Back Row - Leinster Caelan Doris
90%
Centre - Leinster Garry Ringrose
90%
Fly-Half - Leinster Johnny Sexton
90%
Winger/ Full-Back - Connacht Mack Hansen
90%
Back Row - Munster Peter O'Mahony
90%
Second/ Back Row - Munster Tadhg Beirne
90%
Prop - Leinster Andrew Porter
80%
Scrum-Half - Munster Conor Murray
80%
Hooker - Leinster Dan Sheehan
80%
Winger/ Full-Back - Leinster Hugo Keenan
80%
No. 8 - Leinster Jack Conan
80%
Second Row - Leinster James Ryan
80%
Hooker - Leinster Ronan Kelleher
80%
Prop - Leinster Tadhg Furlong
80%
Prop - Leinster Cian Healy
70%
Scrum-Half - Munster Craig Casey
70%
Prop - Connacht Finlay Bealham
70%
Second/ Back Row - Ulster Iain Henderson
70%
Utility Back - Munster Jack Crowley
70%
Scrum-Half - Leinster Jamison Gibson Park
70%
Hooker - Ulster Rob Herring
60%
Fly-Half - Leinster Ross Byrne
60%
Second Row - Leinster Ryan Baird
60%
Centre/ Full-Back - Leinster Jimmy O'Brien
50%
Second Row - Leinster Joe McCarthy
50%
Utility Back - Munster Keith Earls
50%
Centre - Ulster Stuart McCloskey
50%
Prop - Ulster Tom O'Toole
50%
Manager Andy Farrell
40%
Second/ Back Row - Connacht Cian Prendergast
40%
Utility Back - Ulster Jacob Stockdale
40%
Prop - Munster Dave Kilcoyne
20%
Second/ Back Row - Munster Gavin Coombes
10%
Full-Back/ Centre - Leinster Jamie Osbourne
10%
Winger/ Full-Back - Leinster Jordan Lamour
0%
No matching quizzes found
Score Distribution
Percent of People with Each Score
Percentile by Number Answered
Your Score History
You have not taken this quiz